Vietnam development report 2010 : Modern institutions
This Vietnam development report focuses on devolution and accountability, two aspects of modern institutions that are the essense of Vietnam's experience in the past two decades
Bewaard in:
| Coauteur: | |
|---|---|
| Formaat: | Boek |
| Taal: | Undetermined |
| Gepubliceerd in: |
Ha Noi
World Bank
2009
|
| Onderwerpen: | |
| Tags: |
Voeg label toe
Geen labels, Wees de eerste die dit record labelt!
|
| Thư viện lưu trữ: | Trung tâm Học liệu Trường Đại học Cần Thơ |
|---|
| LEADER | 00782nam a2200217Ia 4500 | ||
|---|---|---|---|
| 001 | CTU_161440 | ||
| 008 | 210402s9999 xx 000 0 und d | ||
| 082 | |a 320.09597 | ||
| 082 | |b W927 | ||
| 110 | |a The World Bank (WB) | ||
| 245 | 0 | |a Vietnam development report 2010 : | |
| 245 | 0 | |b Modern institutions | |
| 245 | 4 | |c The World Bank | |
| 260 | |a Ha Noi | ||
| 260 | |b World Bank | ||
| 260 | |c 2009 | ||
| 520 | |a This Vietnam development report focuses on devolution and accountability, two aspects of modern institutions that are the essense of Vietnam's experience in the past two decades | ||
| 650 | |a Communism,Chủ nghĩa Cộng sản | ||
| 650 | |z Vietnam,Việt Nam | ||
| 904 | |i Thach, Trọng Hiếu | ||
| 980 | |a Trung tâm Học liệu Trường Đại học Cần Thơ | ||